LEADER 01632nam0 22003011i 450 001 UON00303563 005 20231205104019.182 100 $a20071107f |0itac50 ba 101 $aita 102 $aIT 105 $a|||| 1|||| 200 1 $aˆIl "‰Nachsommer" di Stifter e la topografia dei beni irrinunciabili$etotalità e "Reduktion" nella storia della critica$fLuciano Zagari 205 $aRoma : Bulzoni$b[198-?] 210 $a35 p.$a21 cm 215 $aEstratto da "Adalbert Stifter und die Krise der mitteleuropäischen Literatur$cBausteine zu einer neuen Interpretation" 311 $aXVI/1 (1973), pp. 135-171$9UON00238626 461 0$1001UON00238626$12001 $aAnnali. Istituto Universitario Orientale. Sezione Germanica$1207 $aVol. 1 (1958)-vol. 16 (1973)$1210 $aNapoli$cIstituto Universitario Orientale$d1958-1973$1215 $aDal 1974 si scinde in: Anglistica$dFilologia Germanica$dStudi Tedeschi$dStudi Nederlandesi. Studi Nordici.$v XVI/1 (1973), pp. 135-171 606 $aSTIFTER ADALBERT$3UONC040358$2FI 620 $aIT$dRoma$3UONL000004 676 $a830.09$cLetteratura tedesca. Storia, descrizione, studi critici$v21 700 1$aZAGARI$bLuciano$3UONV114789$0132702 712 $aBulzoni$3UONV265597$4650 801 $aIT$bSOL$c20240220$gRICA 899 $aSIBA - SISTEMA BIBLIOTECARIO DI ATENEO$2UONSI 912 $aUON00303563 950 $aSIBA - SISTEMA BIBLIOTECARIO DI ATENEO$dSI TED 23 II STI ZAG $eSI ST 6714 7 996 $aNachsommer" di Stifter e la topografia dei beni irrinunciabili$91379721 997 $aUNIOR